000
00239nam a22001097a 4500
082
_a
491/SHA
100
_a
Shastri, Satya Vrat
245
_a
Sanskrit Studies
260
_a
Delhi
_b
Yash Publication
_c
2018
650
_a
Language
942
_c
BK
999
_c
69035
_d
69035